000 00536nam a22001937a 4500
003 OSt
005 20240703132116.0
008 240703b |||||||| |||| 00| 0 eng d
020 _a0060416742
040 _aMUST LIB
_bMUST LIB
_cMUST
082 _222
_a399
_bDER
245 _aGlobal Microeconomics/
_cDernburg F. Thomas
260 _aNew York
_bHarper and Row
_c1989
300 _aXii. ; 509 p. ;
_bill.
_c24 cm
500 _aIncludes, Indexes.
650 _amicroecomics.
_918413
856 _3table of contents.
942 _2ddc
_cO_SHELF
999 _c9051
_d9051